| 000 | 00814nac a22002051u 4500 | ||
|---|---|---|---|
| 008 | 100915t xxu||||| |||| 00| 0 eng d | ||
| 010 | _a97044151 | ||
| 020 | _a0137461240 | ||
| 082 | 0 | 0 |
_a629.89 _bSTE |
| 100 |
_aStenerson, Jon. _919227 |
||
| 245 | 1 | 0 |
_aFundamentals of Programmable Logic Controllers, Sensors, and Communications / _cJon Stenerson. |
| 250 | _a2nd ed. | ||
| 260 |
_aUpper Saddle River, NJ : _bPrentice Hall, _cc1999. |
||
| 300 |
_axii, 562 p. : _bill. ; _c24 cm. |
||
| 500 | _aIncludes index. | ||
| 650 | 0 |
_aProgrammable controllers. _919228 |
|
| 650 | 0 |
_aTelecommunication systems. _919229 |
|
| 942 |
_cBB _k629.89STE _2ddc |
||
| 999 |
_c670 _d670 |
||